Statistics for World Capitals Closest to Warsaw - 30 Second Sprint

Click here to take the quiz!

General Stats

  • This quiz has been taken 32 times
  • The average score is 9 of 20

Answer Stats

kmcapitalmiles% Correct
518Berlin322
100%
393Vilnius244
83%
517Prague321
79%
476Minsk296
75%
561Riga349
71%
556Vienna346
71%
546Budapest339
58%
691Kiev429
58%
835Tallinn519
50%
673Copenhagen418
46%
534Bratislava332
42%
812Stockholm504
38%
916Helsinki569
29%
948Bucharest589
21%
1064Oslo661
21%
814Chișinău506
17%
803Zagreb499
17%
830Belgrade516
13%
834Ljubljana518
13%
952Sarajevo592
8%

Score Distribution

Percentile by Number Answered

Percent of People with Each Score

Your Score History

You have not taken this quiz